Music Quiz

Random Music or Lyrics Quiz

Hello: Adele vs. Lionel Richie Quiz Stats

 Plays Quiz Updated Mar 5, 2016

Challenge
Share
Tweet
Embed
Score 0/30 Timer 03:00
5 Plays Today
'Hello' Lyric (A)dele or (L)ionel Richie? % Correct
Hello from the other side???
91.8%
Hello from the outside???
90%
I long to see the sunlight in your hair???
87.3%
But let me start by saying I love you???
86.8%
Tell me how to win your heart???
85.3%
When we were younger and free???
85%
At least I can say that I've tried???
84.8%
It clearly doesn't tear you apart anymore???
84.4%
Or is someone loving you????
83.9%
You're all I've ever wanted???
83%
Hello, can you hear me????
81.9%
Hello, it's me???
81.6%
I sometimes see you pass outside my door???
81.5%
Hello? Is it me you're looking for????
81.5%
I must have called a thousand times???
81.2%
'Hello' Lyric (A)dele or (L)ionel Richie? % Correct
You know just what to do???
81.1%
My arms are open wide???
80.3%
There's such a difference between us???
80.2%
But I ain't done much healing???
80.1%
Sometimes I feel my heart will overflow???
79.7%
Hello, how are you????
79.7%
Hello! I've just got to let you know???
79.3%
Are you somewhere feeling lonely???
78.2%
I've been alone with you inside my mind???
77.6%
I'm sorry for breaking your heart???
77.1%
I hope that you're well???
75.4%
I want to tell you so much???
75.2%
I wonder where you are???
74.4%
The both of us are running out of time???
73.1%
But it don't matter???
70.5%

You're not logged in!

Compare scores with friends on all Sporcle quizzes.
OR
Log In

You Might Also Like...

Show Comments

Extras

Top Quizzes Today


Score Distribution

Your Account Isn't Verified!

In order to create a playlist on Sporcle, you need to verify the email address you used during registration. Go to your Sporcle Settings to finish the process.

Report this User

Report this user for behavior that violates our Community Guidelines.

Details: